Piloti Vincitori dei Gran Premi di Formula 1 2016 - Statistics

Statistiche generali
  • Questo quiz è stato fatto 45 volte
  • Il punteggio medio è 21 su 21
Statistiche sulle risposte
Gran Premio Vincitore % Corretto
Gran Premio di Monaco Lewis Hamilton
100%
Gran Premio del Canada Lewis Hamilton
100%
Gran Premio d'Austria Lewis Hamilton
100%
Gran Premio di Gran Bretagna Lewis Hamilton
100%
Gran Premio d'Ungheria Lewis Hamilton
100%
Gran Premio di Germania Lewis Hamilton
100%
Gran Premio degli Stati Uniti Lewis Hamilton
100%
Gran Premio del Messico Lewis Hamilton
100%
Gran Premio del Brasile Lewis Hamilton
100%
Gran Premio di Abu Dhabi Lewis Hamilton
100%
Gran Premio d'Australia Nico Rosberg
98%
Gran Premio del Bahrein Nico Rosberg
98%
Gran Premio di Cina Nico Rosberg
98%
Gran Premio di Russia Nico Rosberg
98%
Gran Premio d'Europa Nico Rosberg
98%
Gran Premio del Belgio Nico Rosberg
98%
Gran Premio d'Italia Nico Rosberg
98%
Gran Premio di Singapore Nico Rosberg
98%
Gran Premio del Giappone Nico Rosberg
98%
Gran Premio di Spagna Max Verstappen
93%
Gran Premio della Malesia Daniel Ricciardo
90%
Nessun quiz corrispondente trovato
Distribuzione punteggi
Percentuale di utenti per punteggio
Percentile per numero di risposta
I tuoi punteggi nel tempo
Non hai fatto questo quiz